| Поле | Инд. | ПП | Название | Значение |
|---|---|---|---|---|
| Тип записи | a | |||
| Библиографический уровень | m | |||
| 001 | _ | Контрольный номер | RU/ЭБС IPR BOOKS/102029 | |
| 005 | Дата корректировки | 20250915130928.8 | ||
| 008 | Кодируемые данные | 211122s2021 RU y f j 000 1 rus u | ||
| 020 | a | ISBN | 978-5-4497-0880-9 | |
| 040 | c | Служба, преобразующая запись | ЭБС IPR BOOKS | |
| 041 | a | Код языка текста | rus | |
| 044 | a | Код страны публикации | RU | |
| 080 | a | Индекс УДК | 004 | |
| 084 | 2 | Источник индекса | rubbk | |
| a | Индекс другой классификации/Индекс ББК | 32.97 | ||
| 100 | 1_ | a | Автор | Биллиг, В. А. |
| 4 | Код отношения | 070 | ||
| 245 | a | Заглавие | Основы объектного программирования на C# (С# 3.0, Visual Studio 2008) | |
| b | Продолж. заглавия | учебник | ||
| c | Ответственность | В. А. Биллиг | ||
| 250 | g | 2022-12-24 | ||
| a | Основные сведения об издании | Основы объектного программирования на C# (С# 3.0, Visual Studio 2008) | ||
| 256 | a | Характеристики компьютерного файла | Электрон. дан. (1 файл) | |
| 260 | a | Место издания | Москва | |
| b | Издательство | Интернет-Университет Информационных Технологий (ИНТУИТ), Ай Пи Ар Медиа | ||
| c | Дата издания | 2021 | ||
| 300 | a | Объем | 409 с. | |
| 500 | a | Примечание | Книга находится в премиум-версии ЭБС IPR BOOKS. | |
| 516 | a | Прим. о типе комп. файла/ данных | Текст | |
| 520 | a | Аннотация | Учебник посвящен основам объектного программирования. В качестве языка программирования выбран язык C# — его версия 3.0, в качестве среды разработки программных проектов — Visual Studio 2008 Professional Edition и Framework.Net в версии 3.5. Изложение теории сопровождается большим числом примеров и задач. Изучение языка C# начинается, как обычно с рассмотрения системы типов языка. С первых шагов вводится понятие класса, играющего роль типа данных и роль модуля, рассматриваются вопросы объявления переменных и объектов, построения выражений, операторы языка, методы класса, реализуемые в виде процедур и функций. Подробно рассматриваются работа с массивами и строками, возможности языка С# при работе со шкалами, лямбда-выражениями, типами, допускающими null значения, итераторами. Большое внимание уделяется классическим алгоритмам, их описание дается в каждом разделе, предваряя задачи, решение которых предполагается для успешного освоения материалов. | |
| 521 | a | Примеч. о целев. назн. | Гарантированный срок размещения в ЭБС до 24.12.2022 (автопролонгация) | |
| 538 | a | Прим. о системных особенностях | электронный | |
| 653 | a | Ключевые слова | объектное программирование | |
| 653 | a | Ключевые слова | язык программирования | |
| 653 | a | Ключевые слова | Visual Studio | |
| 653 | a | Ключевые слова | оператов языка | |
| 856 | 4_ | u | URL | http://www.iprbookshop.ru/102029.html |
| z | Примечание для пользователя | Участвует в КО |